Mechanika B

Saved in:
Bibliographic Details
Main Authors: Valášek, Michal (Author), Bauma, Václav (Author), Šika, Zbyněk (Author)
Format: Book
Language:Czech
Published: Praha : ČVUT, 2006
Edition:1. vyd.
Subjects:
Tags: Add Tag
No Tags, Be the first to tag this record!

MARC

LEADER 00000nam a22000003a 4500
001 stu240226
005 20150716165434.0
008 111212s2006----xr------------------cze-d
020 |a 80-01-02919-0 
040 |a STU  |b slo 
041 0 |a cze 
044 |a xr 
080 |a 531.8 
100 1 |a Valášek, Michal  |4 aut 
245 1 |a Mechanika B 
250 |a 1. vyd. 
260 |a Praha :  |b ČVUT,  |c 2006 
300 |a 121 s., 148 obr 
650 7 |a mechanika  |2 stusub 
700 1 |a Bauma, Václav  |4 aut 
700 1 |a Šika, Zbyněk  |4 aut 
996 |b 284J039481  |c J*114257  |l JJST  |s P  |a 0  |w stu240226_0001